000 00504nam a2200193Ia 4500
003 GCL
008 140319s9999 xx 000 0 eng d
040 _aGCL /
_cGCL
082 0 4 _a822.33
_bS J
100 1 _aSHAKESPEARE, WILLIAM
245 1 0 _aJULIUS CAESAR /
_cSHAKESPEARE, WILLIAM
260 _a[S.N] :
_bOXFORD UNIVERSITY PRESS ،
_c1994
300 _a253 P
650 0 4 _aENGLISH LITERATURE
650 0 4 _aLITERATURE
650 0 4 _aENGLISH FICTION
650 0 4 _aCASESAR, JULIUS
942 _2ddc
_cBK
999 _c15871
_d15871